Регионална библиотека "Любен Каравелов" - Русе

Дневникът на един ангел хранител (Запис номер 39672)

MARC детайли
000 -Лидер
Контролно поле с фиксирана дължина 01455nam a2200349 c 4500
003 - Код на организацията, давaща контролен номер
Контролно поле BLK
005 - Дата и час на последна редакция
Контролно поле 20250726100136.0
008 - Елементи от данни с фиксирана дължина
fixed length control field 180408b bul|||||r ||||||| ||bul||
010 ## - Наследен системен номер
LC control number KNG00043040000
020 ## - Международен стандартен номер на книга ISBN
Международен стандартен номер на книга ISBN 978-954-2958-07-9
-- издат.: Enthusiast
040 ## - Източник на каталожния запис
Идентификатор на билиотеката - собственик на записа BLK
041 ## - Код за език
Код за езика на текст/звукозапис или на отделно заглавие Български
Код за езика КДБФ Български
072 #7 - Код за тематичната категория
Код организация bullib
Код за тематична категория Н83
Текст Чужда художествена литература Н
080 ## - УДК
Текстов определител УДК Ирландска литература (на Ейре) на английски език (вж и 821.152.1)
УДК код - определител по УДК 821.111(417)
УДК определител -31
УДК - код + определител 821.111(417)-31
100 1# - Редна дума - Автор
Автор Джес-Кук, Каролин
Авторска отговорност първи автор
R(LIN) 276785
139 ## - Редно поле
Редна дума Джес-Кук, Каролин
Авторски знак Джер - Д 51
245 10 - Сведения за заглавието
Заглавие Дневникът на един ангел хранител
Подзаглавни данни Роман
Редно поле (дума) Каролин Джес-Кук; прев. Теодора Давидова.
257 ## - Страна на издаване
Страна на създаване/издаване Великобритания
260 ## - Област на издателските данни
-- София
Име на издателя, разпространителя и проч. Enthusiast
Година на издаване 2011
Печатница Костинброд : Мултипринт
300 ## - Физическа характеристика
Страници 316 с.
Размери/Мащаб 21 см
380 ## - Жанр
Жанр Худож. лит.
500 ## - Общи забележки
Забележка Ориг. загл. The Guardian Angel's Journal / Carolyn Jess-Cook.
653 ## - Ключова дума – ненормативна
Ключова дума романи
659 ## - Тематичен бюлетин
Тематичен бюлетин Н
700 1# - Други автори (авторска отговорност)
Лично име Давидова, Теодора
Автороска отговорност (Описва отношението между автора и произведението) прев.
9 (RLIN) 366396
852 ## - Местоположение
Форматна сигнатура Цб 253994
856 4# - Електронен адрес и достъп
Електронен формат pdf - файл
Път до файла /url/
856 4# - Електронен адрес и достъп
Електронен формат pdf - файл
Път до файла /url/
942 ## - АРТИКУЛИ
Вид на библиотечния материал Книги
Скрит в OPAC Не
Koha issues (borrowed), all copies 19
944 ## - СЪЗДАВАНЕ И РЕДАКЦИЯ на ЗАПИСА
Създаване/Редакция Създаване
Дата на регистрацията/редакция 15.12.2011
Статус, дата на статуса Мартин Енчев
Служител, извършил регистрацията/редакцията 30575
944 ## - СЪЗДАВАНЕ И РЕДАКЦИЯ на ЗАПИСА
Създаване/Редакция Редакция
Дата на регистрацията/редакция 16.03.2015
Статус, дата на статуса ф /
Служител, извършил регистрацията/редакцията Людмила_Стоянова
999 ## - СИСТЕМНИ КОНТРОЛНИ НОМЕРА
Koha biblionumber 39672
Koha biblioitemnumber 39672
Наличности
Код за отписване Код за изгубен артикул Код за повреда Коз за рестрикции Код за отдаване Артикулен № Име на библиотеката - собственик Име на библиотеката, в която се намира в момента Статус (Текущо местоположение) Дата на вписване в системата Местоположение - отдел Цена в лева Инвентарен номер Систематично азбучна сигнатура Баркод Номер на екземпляра Цена в евро Служебна бележка Служебен тип на артикула Източник на класификационната схема
  Не е изгубен Не е повреден без рестрикции заемане за дома 62118 Регионална библиотека "Любен Каравелов" Русе Регионална библиотека "Любен Каравелов" Русе Заемна - подръчен фонд 2011-12-16 Заемна - подръчен фонд 15.00 120000755152 П 820-31/Д 51 120000755152 1 7.67 Дост: Pk Вид: Ф N: 251 Дата: 15.12.2011 Дата инв: 15.02.2018 Бележки инв: П2018 Книги  
  Не е изгубен Не е повреден без рестрикции заемане за дома 62119 Регионална библиотека "Любен Каравелов" Русе Регионална библиотека "Любен Каравелов" Русе Заемна - подръчен фонд 2011-12-16 Заемна - подръчен фонд 15.00 120000755153 П 820-31/Д 51 120000755153 2 7.67 Дост: Pk Вид: Ф N: 251 Дата: 15.12.2011 Дата инв: 15.02.2018 Бележки инв: П2018 Книги  
  Не е изгубен Не е повреден без рестрикции заемане за дома 62120 Регионална библиотека "Любен Каравелов" Русе Регионална библиотека "Любен Каравелов" Русе Заемна - подръчен фонд 2013-08-05 Заемна - подръчен фонд 5.00 120000768557 П 820-31/Д 51 120000768557 3 2.56 Дост: Pk Вид: Ф N: 539 Дата: 01.08.2013 Дата инв: 15.02.2018 Бележки инв: П2018 Книги Universal Decimal Classification
  Не е изгубен Не е повреден без рестрикции ползва се в читалня 62121 Регионална библиотека "Любен Каравелов" Русе Регионална библиотека "Любен Каравелов" Русе Хранилище 2013-09-17 Хранилище 15.00 120000769348 Цб 253994 120000769348 4 7.67 Дост: Dp Вид: Д N: 23 Дата: 29.05.2012 Книги  
  Не е изгубен Не е повреден без рестрикции заемане за дома 62122 Регионална библиотека "Любен Каравелов" Русе Регионална библиотека "Любен Каравелов" Русе Заемна - подръчен фонд 2015-02-27 Заемна - подръчен фонд 15.00 120000786017 П 820-31/Д 51 120000786017 5 7.67 Дост: DA Вид: А N: 6 Дата: 27.02.2015 Дата инв: 15.02.2018 Бележки инв: П2018 Книги  
Vip Innovations Ltd, Rousse, Bulgaria 2025